00310nam a22001097a 4500020002200000082001900022100004400041245004900085250000600134260005200140300000800192 a978-93-81226-13-1 a630.715 DIL/MA aDILEEP KUMAR, K.S. KADIAN, O.P. GARHWAL aMASS COMMUNICATION IN AGRICULTURAL EXTENSION a1 aNEW DELHIbSATISH SERIAL PUBLISHING HOUSEc2012 a290